| 000 | 01141nam a22003737a 4500 | ||
|---|---|---|---|
| 001 | 0011827 | ||
| 003 | DO-SdBPM | ||
| 005 | 20250407133103.0 | ||
| 007 | 0011827 | ||
| 008 | 161125b1995 sp | |||| 00| 0 spa d | ||
| 015 | _a | ||
| 016 |
_a _z |
||
| 017 | _a | ||
| 020 | _a9788434823877 | ||
| 040 |
_aDO-SdBPM _bspa _cBPMSU _e |
||
| 041 | _h | ||
| 080 | _a | ||
| 082 | 4 |
_a833.91 _b S625r 1988 _222 |
|
| 100 | 1 |
_aSixt, Carola, _d1964- |
|
| 245 | 1 | 3 |
_aEl rey pequeño y gordito / _cCarola Sixt ; traducción Lola Romero; ilustración Klaus Renner _h |
| 250 | _a8a ed. | ||
| 260 |
_aMadrid : _bEdiciones SM, _c1988 |
||
| 300 |
_a119 p. : _bil., ; _c22 cm |
||
| 490 | 0 |
_aEl barco de vapor, _v51 |
|
| 500 | _aPara niños a partir de 9 años | ||
| 586 | _aPremio Nacional a la mejor labor editorial en literatura infantil y juvenil 1982 | ||
| 590 | _aInventariado, 2025/VM | ||
| 650 | 4 | _aNovela infantil alemana | |
| 650 | 4 | _aLiterateratura infantil alemana | |
| 700 | 1 |
_aRomero, Lola, _etraductor _c |
|
| 700 | 1 |
_aRenner, Klaus , _eilustración |
|
| 910 | _aVMateo V. Control de calidad. BPMSU | ||
| 942 |
_2ddc _cBK |
||
| 999 |
_c12053 _d12053 |
||